000 00419nam a22001697a 4500
005 20241023104428.0
008 160520b xxu||||| |||| 00| 0 eng d
020 _a978-0-07015155-0
041 _aeng
082 _b3501
100 _aBeiser, A, Mahajans & Choudhary S.K.
_9875
245 _aCONCEPT OF MODERN PHYSICS
260 _bMc Graw Hill
300 _a523
650 _aDIPLOMA ENGINEERING
_9817
942 _cBK
999 _c1198
_d1198